[Event "Suvorov-ch"]
[Site "Suvorov"]
[Date "2007.01.25"]
[Round "2"]
[White "Sorbucheva, Iraida"]
[Black "Sushkov, Alexey"]
[Result "1/2-1/2"]
[WhiteElo "2020"]
[BlackElo "2020"]
[PlyCount "44"]
[EventDate "2007.01.24"]
[EventType "swiss"]
[EventRounds "9"]
[EventCountry "RUS"]
[SourceTitle "EXT 2019"]
[Source "ChessBase"]
[SourceDate "2018.10.10"]
[SourceVersion "1"]
[SourceVersionDate "2018.10.10"]
[SourceQuality "1"]

1. e4 e6 2. d4 d5 3. exd5 exd5 4. Bd3 Bd6 5. Ne2 Ne7 6. 0-0 0-0 7. Bf4 Bf5 8. c3 c6 9. Bxd6 Qxd6 10. Ng3 Bxd3 11. Qxd3 Qg6 12. Qxg6 Nxg6 13. Nd2 Nd7 14. Rfe1 Rfe8 15. Kf1 Kf8 16. Rxe8+ Rxe8 17. Re1 Rxe1+ 18. Kxe1 Nf4 19. Kf1 g6 20. Ne2 Nxe2 21. Kxe2 Ke7 22. Nf3 f6 1/2-1/2